[Event "Baden-ch AT2"]
[Site "Oberwinden"]
[Date "2007.04.09"]
[Round "3"]
[White "Dietz, Stefan"]
[Black "Bertram, Christian"]
[Result "0-1"]
[WhiteElo "807"]
[BlackElo "957"]
[PlyCount "100"]
[EventDate "2007.04.07"]
[EventType "swiss"]
[EventRounds "9"]
[EventCountry "GER"]
[SourceTitle "CBM 117 Extra"]
[Source "ChessBase"]
[SourceDate "2007.05.09"]
[SourceVersion "1"]
[SourceVersionDate "2007.05.09"]
[SourceQuality "1"]

1. d4 Nf6 2. c4 g6 3. Bf4 Bg7 4. Nc3 0-0 5. Nf3 d6 6. h3 Bf5 7. e3 Ne4 8. Nxe4 Bxe4 9. Be2 Nc6 10. Ng5 Bxg2 11. Rg1 h6 12. Rxg2 hxg5 13. Rxg5 Bh6 14. Rg4 Bxf4 15. exf4 e5 16. dxe5 dxe5 17. Qxd8 Raxd8 18. f5 Ne7 19. f6 Nc6 20. Rg3 Nb4 21. Rd1 Rxd1+ 22. Bxd1 Rd8 23. h4 Rd6 24. h5 Rxf6 25. a3 Nc6 26. Bc2 Ne7 27. Be4 c6 28. b4 b5 29. c5 Kf8 30. h6 Rf4 31. Bc2 Rh4 32. Rg5 f6 33. Rg3 Rxh6 34. Rd3 Nd5 35. Bb3 Rh1+ 36. Kd2 Rh2 37. Rf3 e4 38. Rg3 Rxf2+ 39. Ke1 Rf3 40. Rxf3 exf3 41. Kf2 Ke7 42. Kxf3 Nc3 43. Ke3 Nb1 44. a4 bxa4 45. Bxa4 Kd7 46. Kd3 Na3 47. Ke4 Nb5 48. Kf4 Nc3 49. Bc2 Nd5+ 50. Kg4 Ne3+ 0-1